000 01262nam a2200277Ia 4500
003 OSt
005 20221005103548.0
006 a|||||r|||| 00| 0
007 ta
008 221004b |||||||| |||| 00| 0 hin d
020 _a9788177112757 (hbk)
_c500
024 _a109786
037 _b537, 14/03/2011, Eastern Book Linkers
_cTextual
040 _aCRL
_cCRL
_bhin
041 _2hin
_ahin
082 _aQ3:g(Delta24), 152Q1
100 _aतातेड़, सोहन राज
245 0 _aकर्म मीमांसा
_b जैन धर्म के परिप्रेक्ष्य में शास्त्रीय एवं वैज्ञानिक अध्ययन
246 _aKarma mīmāansā: jain dharma ke pariprekṣhya mean shāstrīya evan vaijnyānik adhyayana
260 _aजयपुर
_bसाहित्यागार भारत
_c2011
300 _a363पृ0
_ccm.
650 _aधर्म
700 _a त्रिपाठी, राकेशमणि
942 _hQ3:g(Delta24), 152Q1
_cTEXL
_2cc
999 _c1010292
_d1010292